000 00513nam a2200181 a 4500
001 8124
003 CO-ViMGA
008 141112s2004 ck r 000 u spa d
020 _a9701502477
040 _aCO-ViMGA
_bspa
_cCO-ViMGA
082 0 4 _aMEVIGAELA.3 B15a
100 1 _aBALCELLS, JOSEP
_97835
245 1 0 _aAUTOMATAS PROGRAMABLES
260 _aMEXICO :
_bALFAOMEGA GRUPO EDITOR,
_cS.A. DE C.V.,
_c1998
300 _axvii, 439 p, il. fot. 27 cm
650 1 4 _aAUTOMATIZACION INDUSTRIAL
_97836
942 _2ddc
_cBK
999 _c19938
_d19938